KOHA-Header-6

Oracle 9i the complete Reference (Record no. 8903)

000 -LEADER
fixed length control field 00267nam a2200109Ia 4500
100 ## - MAIN ENTRY--AUTHOR NAME
Personal name Kevin Loney
245 #0 - TITLE STATEMENT
Title Oracle 9i the complete Reference
260 ## - PUBLICATION, DISTRIBUTION, ETC. (IMPRINT)
Place of publication India
Name of publisher Oracle Press
Year of publication 1992
300 ## - PHYSICAL DESCRIPTION
Number of Pages 147
942 ## - ADDED ENTRY ELEMENTS (KOHA)
Koha item type Books
Holdings
Withdrawn status Lost status Collection code Permanent Location Current Location Shelving location Date acquired Full call number Accession Number Koha item type
    Computer Languages MAJU MAJU   2019-09-14 658.401 4037 Computer Languages

Powered by Koha